|
|
|
|
| LEADER |
00000nab a2200000 ar4500 |
| 001 |
vtls009008510 |
| 003 |
SK-MaSNL |
| 005 |
20260303065523.0 |
| 008 |
070720c2006 xo mr|p|||||||000 b|slo |
| 038 |
|
|
|a SNSK
|
| 040 |
|
|
|b slo
|c SNSK
|e AACR2
|
| 041 |
|
|
|a slo
|
| 044 |
|
|
|a xo
|c SK
|
| 080 |
|
|
|a 377.35
|x (437.6)
|2 2001
|
| 080 |
|
|
|a 373.52
|x (437.6)
|2 2001
|
| 080 |
|
|
|a 684
|2 1997
|
| 100 |
1 |
|
|a Bobková, Soňa
|4 aut
|9 1065685
|
| 245 |
1 |
0 |
|a V ponuke majú rozmanité študijné odbory
|b spišský monitor
|c Soňa Bobková
|
| 300 |
|
|
|b Fotogr.
|
| 610 |
2 |
7 |
|a Spojená škola (Spišská Nová Ves, Slovensko)
|2 snsk
|9 1065686
|
| 610 |
2 |
7 |
|a Stredné odborné učilište nábytkárske (Spišská Nová Ves, Slovensko)
|2 snsk
|9 1022022
|
| 610 |
2 |
7 |
|a Dievčenská odborná škola (Spišská Nová Ves, Slovensko)
|2 snsk
|9 1065687
|
| 610 |
2 |
7 |
|a Stredisko praktického vyučovania (Spišská Nová Ves, Slovensko)
|2 snsk
|9 1065688
|
| 650 |
0 |
7 |
|a učebné odbory
|2 snsk
|9 72863
|
| 651 |
|
7 |
|a Spišská Nová Ves (Slovensko)
|2 snsk
|9 28800
|
| 773 |
0 |
|
|t Spišské hlasy
|g Roč. VII., č. 46 (2006), s. 1, 2
|
| 852 |
|
|
|a SNSK
|b KIS3GCP
|
| 999 |
|
|
|c 1751521
|d 1753451
|